00871nam a2200217 i 450000100060000000300090000600500170001500700030003200800410003510000380007624501570011425000120027126000580028330000370034170000370037870000320041570000380044785200300048599900170051595201210053244743ES-MaACL20260617125144.0t|030324s1952 sp ||||1| spa d aClaudel, Paul,d1868-1955923925210aCorrespondenciab: 1899-1926 /cPaul Claudel y André Gide ; prólogo y notas de Robert Mallet ; [traducción del francés por J. Ferrán Mayoral]. a1ª ed. aBarcelona :bJosé Janés,c1952 (fLa Académica) a336 p. :b2 retr. aut. ;c22 cm.1 aGide, André,d1869-19519566741 aFerrán Mayoral, J.9502471 aMallet, Robert,d1915-2002975804 aES-MaACLjD-7762bR.32023 c44743d44743 00104070aATENEOMbATENEOMcSVId2008-01-17eSCl0oD-7762p901047090r2023-02-23 00:00:00w2023-02-23yMONOGRAFIA